Swedish modernism : (Record no. 353982)

000 -LEADER
fixed length control field 01996nam a2200229 a 4500
001 - CONTROL NUMBER
control field ASIN1906155984
003 - CONTROL NUMBER IDENTIFIER
control field OSt
005 - DATE AND TIME OF LATEST TRANSACTION
control field 20180116192423.0
008 - FIXED-LENGTH DATA ELEMENTS--GENERAL INFORMATION
fixed length control field 140714s2010 xxu eng d
020 ## - INTERNATIONAL STANDARD BOOK NUMBER
International Standard Book Number 1906155984 (paperback)
Terms of availability $39.95
020 ## - INTERNATIONAL STANDARD BOOK NUMBER
International Standard Book Number 9781906155988 (paperback)
040 ## - CATALOGING SOURCE
Transcribing agency sada
082 ## - DEWEY DECIMAL CLASSIFICATION NUMBER
Classification number 720.10309485
Author Mark SWE 2010
245 00 - TITLE STATEMENT
Title Swedish modernism :
Remainder of title architecture, consumption and the welfare state /
Statement of responsibility, etc. edited by Helena Mattsson and Sven-olov Wallenstein..
260 ## - PUBLICATION, DISTRIBUTION, ETC.
Place of publication, distribution, etc. London :
Name of publisher, distributor, etc. Black Dog Publishing.,
Date of publication, distribution, etc. 2010.
300 ## - PHYSICAL DESCRIPTION
Extent 192 p. ;
Dimensions 25 cm.
520 ## - SUMMARY, ETC.
Summary, etc. Swedish Modernism is a comprehensive reader analysing the role of modern architecture, city planning and consumption in the construction of the Swedish welfare state. The book draws mainly from the formative phase of the Swedish model, but also on European and American examples, and attempts to highlight the contradictions and complexities of the process of modernisation. Swedish Modernism provides an in-depth, multilayered account of the process of modernisation; whilst also highlighting the difficulties found. The debate is enriched from a diverse range of contributors including architects, researchers and leading academics from across the globe. Swedish Modernism includes an introduction from Helena Mattsson and Sven-Olov Wallenstein and contributions from leading academics from New York's Columbia University and London's UCL; alongside architects in the field. The essays explore the construction of the welfare state, contextualising this in relation to the political and social factors of the time, consumers and spectacles--from housing to national marketing programmes. Specific case studies are featured and the reader ends with a section dealing with the more general problem of historiography.
650 ## - SUBJECT ADDED ENTRY--TOPICAL TERM
Topical term or geographic name entry element Welfare state.
9 (RLIN) 7655
650 ## - SUBJECT ADDED ENTRY--TOPICAL TERM
Topical term or geographic name entry element Architecture and society.
9 (RLIN) 7656
856 40 - ELECTRONIC LOCATION AND ACCESS
Materials specified Amazon.com
Uniform Resource Identifier <a href="http://www.amazon.com/exec/obidos/ASIN/1906155984/chopaconline-20">http://www.amazon.com/exec/obidos/ASIN/1906155984/chopaconline-20</a>
942 ## - ADDED ENTRY ELEMENTS (KOHA)
Source of classification or shelving scheme
Koha item type Book
Holdings
Withdrawn status Lost status Source of classification or shelving scheme Damaged status Not for loan Permanent Location Current Location Date acquired Total Checkouts Full call number Barcode Date last seen Cost, replacement price Price effective from Koha item type
          School of Art Design and Architecture (SADA) School of Art Design and Architecture (SADA) 07/14/2014   720.10309485 SWE 2010 SADA0002348 01/05/2017 3673.80 01/05/2017 Book
© 2023 Central Library, National University of Sciences and Technology. All Rights Reserved.